Online Catalogue and eLibrary

Allan: (Record no. 1710)

MARC details
000 -LEADER
fixed length control field 00387nam a2200145Ia 4500
005 - DATE AND TIME OF LATEST TRANSACTION
control field 20250213035936.0
008 - FIXED-LENGTH DATA ELEMENTS--GENERAL INFORMATION
fixed length control field 240331s9999 xx 000 0 und d
082 ## - DDC Classification
Item Number - Author Mark SHA
DDC Edition Number 5687
Class No. 305.4
100 ## - MAIN ENTRY--PERSONAL NAME
Personal name Shahani, R. G
245 #0 - TITLE STATEMENT
Title Allan:
Remainder of title Her Infinite Variety
260 ## - PUBLICATION, DISTRIBUTION, ETC.
Place of publication, distribution, etc. Mumbai
Name of publisher, distributor, etc. SPARROW
Date of publication, distribution, etc. 2000
300 ## - PHYSICAL DESCRIPTION
Extent (e.g. Volumes, Pages etc.) 108 p.,
500 ## - GENERAL NOTE
General note A story about a mother written by her daughter.
942 ## - Koha item type (Biblio)
Koha item type Books in Stacks (Lending)
Holdings
Lost status Damaged status Collection code Home library Current library Shelving location Date acquired Full call number Accession Number Item type
    Lending WERC Library WERC Library Social Science Cupboard 03/31/2024 305.4 SHA 5687 Books in Stacks (Lending)

© WERC Library